Comdex How to become a Sales Professional course Kit (Record no. 239714)

MARC details
000 -LEADER
fixed length control field 00434nam a2200157Ia 4500
008 - FIXED-LENGTH DATA ELEMENTS--GENERAL INFORMATION
fixed length control field 240823s9999||||xx |||||||||||||| ||und||
082 ## - DEWEY DECIMAL CLASSIFICATION NUMBER
-- 658.81 P6
100 ## - MAIN ENTRY--PERSONAL NAME
Personal name Sandip Ghosh
245 #0 - TITLE STATEMENT
Title Comdex How to become a Sales Professional course Kit
260 ## - PUBLICATION, DISTRIBUTION, ETC. (IMPRINT)
Date of publication, distribution, etc 2006
Name of publisher, distributor, etc Wiley India Pv
Place of publication, distribution, etc New Delhi
500 ## - GENERAL NOTE
General note YES
650 ## - SUBJECT ADDED ENTRY--TOPICAL TERM
Topical term or geographic name as entry element Sales Professional
700 ## - ADDED ENTRY--PERSONAL NAME
Personal name Vikas Gupta
942 ## - ADDED ENTRY ELEMENTS (KOHA)
Item type Non Books
Holdings
Withdrawn status Lost status Damaged status Permanent location Current location Shelving location Date acquired Full call number Barcode Date last seen Koha item type
      CENTRAL LIBRARY, NOORUL ISLAM CENTRE FOR HIGHER EDUCATION CENTRAL LIBRARY, NOORUL ISLAM CENTRE FOR HIGHER EDUCATION   02/07/2012 658.81 P6 CD1292 08/23/2024 Non Books
Visitors:
Copyright © 2024 Central Library NICHE.  All rights reserved.